| 000 | 00794nam a2200289 a 4500 | ||
|---|---|---|---|
| 003 | AR-BaBNM | ||
| 005 | 20251128203746.0 | ||
| 008 | 082120s2002 ||||||||||||||000 | spa|| | ||
| 040 | _cAR-BaBNM | ||
| 100 | 1 | _aGarcía Muñóz, Carmen | |
| 245 | 0 | 0 | _aJulián Aguirre |
| 260 |
_aBuenos Aires _bEdiciones Culturales Argentinas _c1970 |
||
| 300 |
_a163 p. _bláms. |
||
| 490 | 0 | _aArgentinos en las artes | |
| 500 | _aContiene índice de obras en p. 153 | ||
| 650 | 4 | _aBIOGRAFIAS | |
| 650 | 4 | _aMUSICOS | |
| 650 | 4 | _aHISTORIA DE LA MUSICA | |
| 650 | 4 | _aMUSICA CLASICA | |
| 650 | 4 | _aFORMAS MUSICALES | |
| 650 | 4 | _aMUSICA FOLKLORICA | |
| 653 | _aCRITICA MUSICAL | ||
| 655 | _aBIOGRAFIAS | ||
| 710 | 1 |
_aArgentina _bMinisterio de Cultura y Educación |
|
| 942 | _cBK | ||
| 998 | _cMARTIN | ||
| 999 |
_c4818 _d4818 |
||